000 00247nam a22000977a 4500
005 20151001095804.0
008 151001b xxu||||| |||| 00| 0 eng d
245 _aBloomberg Businessweek
260 _aNew York
_bBloomberg Businessweek
942 _cJR
_s1
999 _c83154
_d83153